000 00635nam a2200241Ia 4500
005 20250425162532.0
008 250425s9999 xx 000 0 und d
020 _a9780194234306
041 _aeng
082 _a428.6
100 _aBROOKE, HELEN
245 0 _aSURVIVE!
250 _a1ST ED.
260 _aOXFORD
260 _aReino Unido
_bOXFORD UNIVERSITY PRESS
_c2008
300 _a40
650 _aACCIDENTES DE AVIACION-FICCION
650 _aCOMPRENSION DE LECTURA - PROBLEMAS, EJERCICIOS
650 _aIDIOMA INGLES-LIBROS DE TEXTO PARA EXTRANJEROS
650 _aSUPERVIVENCIA
942 _c01
010 _a83095
999 _c231200
_d231200